Tutti i Brawler - Statistics

Statistiche generali
  • Questo quiz è stato fatto 972 volte
  • Il punteggio medio è 41 su 78
Statistiche sulle risposte
Risposta % Corretto
Shelly
95%
Mister P
86%
Colt
85%
Bo
79%
Leon
78%
R-T
78%
Spike
78%
Corvo
77%
Nita
77%
Bull
76%
El Primo
72%
Jessie
69%
Mortis
68%
Bombardino
67%
Rosa
67%
Edgar
66%
Stecca
64%
Frank
63%
Kit
63%
Piper
63%
Ambra
62%
Brock
61%
Energetik
61%
Pocho
61%
Sandy
58%
Dynamike
57%
Emz
57%
Meg
57%
8-Bit
56%
Barryl
56%
Bibi
56%
Gelindo
55%
Penny
54%
Tara
54%
Tick
54%
Mandy
53%
Pam
52%
Eugenio
51%
Colette
50%
Jacky
50%
Carl
49%
Buzz
48%
Chester
48%
Gus
48%
Cordelius
47%
Stu
47%
Fang
46%
Bea
45%
Belle
45%
Maxine
44%
Byron
43%
Lou
42%
Sam
42%
Semino
42%
Iris
41%
Mico
41%
Ringhio
41%
Angelo
40%
Buster
40%
Griff
40%
Grom
40%
Melodie
40%
Ash
38%
Gray
37%
Hank
37%
Janet
37%
Squeak
36%
Willow
36%
Otis
35%
Pearl
35%
Bonnie
34%
Charlie
34%
Chuck
34%
Lola
34%
Maisie
34%
Doug
33%
Eve
33%
Larry e Lawrie
33%
Nessun quiz corrispondente trovato
Distribuzione punteggi
Percentuale di utenti per punteggio
Percentile per numero di risposta
I tuoi punteggi nel tempo
Non hai fatto questo quiz